Combating corruption in Asian and Pacific economies : papers presented at the joint ADB-OECD Workshop on Combating Corruption in Asian and Pacific Economies.
Regional strategies and international instruments to fight corruption, measures to combat and prevent corruption, developing anticorruption strategies.
Guardat en:
| Format: | Llibre |
|---|---|
| Idioma: | Undetermined |
| Publicat: |
Manila, Philippines
Asian Development Bank
1999
|
| Matèries: | |
| Etiquetes: |
Afegir etiqueta
Sense etiquetes, Sigues el primer a etiquetar aquest registre!
|
| Thư viện lưu trữ: | Trung tâm Học liệu Trường Đại học Cần Thơ |
|---|
| LEADER | 00951nam a2200205Ia 4500 | ||
|---|---|---|---|
| 001 | CTU_189459 | ||
| 008 | 210402s9999 xx 000 0 und d | ||
| 082 | |a 364.16095 | ||
| 082 | |b A189 | ||
| 245 | 0 | |a Combating corruption in Asian and Pacific economies : | |
| 245 | 0 | |b papers presented at the joint ADB-OECD Workshop on Combating Corruption in Asian and Pacific Economies. | |
| 245 | 0 | |c ADB-OECD Workshop on Combating Corruption in Asian and Pacific Economies | |
| 260 | |a Manila, Philippines | ||
| 260 | |b Asian Development Bank | ||
| 260 | |c 1999 | ||
| 520 | |a Regional strategies and international instruments to fight corruption, measures to combat and prevent corruption, developing anticorruption strategies. | ||
| 650 | |a Thái Bình Dương,Corruption,Tham nhũng,Châu Á | ||
| 650 | |x Điều kiện kinh tế,Điều kiện kinh tế | ||
| 904 | |i Trúc | ||
| 980 | |a Trung tâm Học liệu Trường Đại học Cần Thơ | ||